Quadern de viatge : província de Barcelona : suggeriments brillants i experiències inolvidables província de Barcelona : suggeriments brillants i experiències inolvidables
Descripción Física:
27 pàgines : il·lustracions ; 24 cm
Materias:
Cultura i lleure -- Barcelona (Província)
; Barcelona (Catalunya : Província) -- Guies
; Barcelona (Catalunya : Província) -- Descripcions i viatges
Idioma:
Catalán
MARC
| LEADER | 00000nam a2200000 a 4500 | ||
|---|---|---|---|
| 001 | 26471 | ||
| 008 | 220816b spa||||| |||| 00| 0 cat d | ||
| 017 | |a DL B 5587-2015 | ||
| 080 | |a FU-72-59 | ||
| 245 | 0 | 0 | |a Quadern de viatge : |b província de Barcelona : suggeriments brillants i experiències inolvidables |
| 260 | |a Barcelona : |b Diputació de Barcelona, |c 2015 | ||
| 300 | |a 27 pàgines : |b il·lustracions ; |c 24 cm | ||
| 500 | |a Títol de la portada en rus | ||
| 501 | |a Títol traduït pel catalogador | ||
| 650 | 0 | |a Cultura i lleure |z Barcelona (Província) |9 52671 | |
| 651 | 0 | |9 52676 |a Barcelona (Catalunya : Província) |v Guies | |
| 651 | 0 | |a Barcelona (Catalunya : Província) |x Descripcions i viatges |9 52924 | |
| 710 | 1 | |a Barcelona (Catalunya : Província). |b Diputació |9 52408 | |
| 710 | 2 | |a Barcelona és Molt Més |e marca turística |9 51323 | |
| 942 | |2 udc |c ARXIU |n 1 | ||
| 952 | |0 0 |1 0 |4 0 |6 FU7259 |7 1 |9 63449 |a Arxiu |b Arxiu |d 2022-08-16 |l 0 |o FU-72-59 |p 26471 |r 2022-08-16 00:00:00 |w 2022-08-16 |y ARXIU | ||
| 999 | |c 82588 |d 82588 | ||